MARC details
| 000 -CABECERA |
| campo de control de longitud fija |
02124nam a22002417a 4500 |
| 003 - IDENTIFICADOR DEL NÚMERO DE CONTROL |
| campo de control |
OSt |
| 005 - FECHA Y HORA DE LA ÚLTIMA TRANSACCIÓN |
| campo de control |
20260316110624.0 |
| 008 - DATOS DE LONGITUD FIJA--INFORMACIÓN GENERAL |
| campo de control de longitud fija |
260316b |||||||| |||| 00| 0 eng d |
| 020 ## - NÚMERO INTERNACIONAL ESTÁNDAR DEL LIBRO |
| Número Internacional Estándar del Libro |
9781511508711 |
| 040 ## - FUENTE DE LA CATALOGACIÓN |
| Centro/agencia transcriptor |
tbs |
| 041 ## - CÓDIGO DE LENGUA |
| Código de lengua del texto/banda sonora o título independiente |
English |
| 100 ## - ENTRADA PRINCIPAL--NOMBRE DE PERSONA |
| Nombre de persona |
Kline, A.S. |
| 9 (RLIN) |
26882 |
| 245 ## - MENCIÓN DE TÍTULO |
| Título |
The Restless Spirit |
| Resto del título |
: A Scene by Scene Study of Goethe’s Faust |
| Mención de responsabilidad, etc. |
/ A. S. Kline with selected illustrations by William Blake. |
| 260 ## - PUBLICACIÓN, DISTRIBUCIÓN, ETC. |
| Lugar de publicación, distribución, etc. |
Luxembourg |
| Nombre del editor, distribuidor, etc. |
CreateSpace Independent Publishing Platform |
| Fecha de publicación, distribución, etc. |
2015 |
| 300 ## - DESCRIPCIÓN FÍSICA |
| Extensión |
148 pages |
| 520 ## - SUMARIO, ETC. |
| Sumario, etc. |
The Restless Spirit is a scene by scene commentary on, and a detailed analysis of, Goethe’s Faust Parts I and II, which considers the Romantic background of Part I, the move towards Classicism in Part II, and the moral and spiritual issues which Goethe raises throughout the work. In grappling with the complexity of the emerging Romantic Movement with its restless intellectual urge, and later in attempting a resolution of the Romantic situation, Goethe was handling many of the deepest problems of his age, and it is not surprising that he was forced to leave many issues unresolved. The reader who wishes to progress beyond a simple contemplation of the tragedy of Gretchen in Part I is presented here with a detailed discussion of Faust’s Romantic beginnings and later progress towards potential fulfilment, through his intricate pact with Mephistopheles and its dramatic outcome. While encouraging a positive view of the richness, poetic validity and complex treatment Goethe provides, this analysis does not shirk the more problematic moral, spiritual and social aspects of Goethe’s treatment of the subject, and leaves the reader to make his or her own judgement as to the success with which Goethe justifies Faust’s ultimate ‘redemption’. |
| 600 #0 - PUNTO DE ACCESO ADICIONAL DE MATERIA--NOMBRE DE PERSONA |
| Nombre de persona |
Goethe, Johann Wolfgang von, |
| Numeración |
1749–1832. |
| Títulos y otros términos asociados al nombre |
Faust. |
| 9 (RLIN) |
26883 |
| 650 #0 - PUNTO DE ACCESO ADICIONAL DE MATERIA--TÉRMINO DE MATERIA |
| Término de materia o nombre geográfico como elemento de entrada |
Faust (Legendary character) in literature. |
| 9 (RLIN) |
26884 |
| 650 #0 - PUNTO DE ACCESO ADICIONAL DE MATERIA--TÉRMINO DE MATERIA |
| Término de materia o nombre geográfico como elemento de entrada |
Romanticism — Germany — History — 18th century. |
| 9 (RLIN) |
26885 |
| 650 #0 - PUNTO DE ACCESO ADICIONAL DE MATERIA--TÉRMINO DE MATERIA |
| Término de materia o nombre geográfico como elemento de entrada |
Good and evil in literature. |
| 9 (RLIN) |
26886 |
| 700 ## - ENTRADA AGREGADA--NOMBRE PERSONAL |
| Nombre de persona |
Blake, William |
| Fechas asociadas al nombre |
1757-1827 |
| 9 (RLIN) |
24446 |
| 942 ## - ELEMENTOS DE ENTRADA AGREGADA (KOHA) |
| Fuente del sistema de clasificación o colocación |
Clasificación de Library of Congress |